000 00302 a2200121 4500
000 nam a22 7a 4500
005 20260428101130.0
020 _a9781803095417
100 _aGiorgio Agamben
_9293391
245 _aThe Human Voice
260 _bThe University of Chicago Press
_c2025
942 _cTEXL
999 _c1848584
_d1848584